| 000 | 00591ntaaa2200193 4500 | ||
|---|---|---|---|
| 003 | 01 | ||
| 005 | 20251027203000.0 | ||
| 008 | 0714s1973 ag 01 | ||
| 040 |
_aAR-BaBN _bspa _cAR-BaBN _eaacr _dRIC |
||
| 082 | _a982.076 In3i | ||
| 110 |
_aArgentina _bEjército _930761 |
||
| 245 |
_aConflicto Malvinas / _cArgentina |
||
| 260 |
_aBuenos Aires : _bEjército Argentino, _c1983 |
||
| 300 |
_a2 v. ; _cmapas ; 30 cm. |
||
| 505 | _tV. 1. Desarrolo de los acontecimientos | ||
| 505 | _tV. 2. Abreviaturas, anexos y fuentes bibliográficas | ||
| 650 |
_aArgentina-Malvinas _930762 |
||
| 942 | _cBK | ||
| 999 |
_c25206 _d25206 |
||